| 000 | 01117nam0a2200313 4500 | ||
|---|---|---|---|
| 001 | RU\NLR\bibl\1474885 | ||
| 005 | 20250616003514.0 | ||
| 010 |
_a978-5-87865-490-6 _9500 |
||
| 021 |
_aRU _b2009-105176 _96697 |
||
| 035 | _a(NLR Aleph) 001466558 | ||
| 090 |
_a1616725 _c1616725 |
||
| 100 | _a20100218d2009 |||y0rusy50 ca | ||
| 101 | 0 | _arus | |
| 102 | _aRU | ||
| 105 | _aa ||||||||| | ||
| 200 | 1 |
_aМир творческой личности _eмонография _fР.В. Гумерова _gВост. экон.-юрид. гуманит. акад. (Акад. ВЭГУ) |
|
| 210 |
_aУфа _cАкадемия ВЭГУ _d2009 |
||
| 215 |
_a182 с. _cил. _d21 |
||
| 320 | _aБиблиогр.: с. 163-182 (293 назв.) и в подстроч. прим. | ||
| 606 | 1 |
_aТворческая личность _91532721 _3RU\NLR\auth\66667590 |
|
| 686 | _aЮ945.401 | ||
| 700 | 1 |
_aГумерова _bР. В. _gРимма Васивовна _4070 |
|
| 801 | 0 |
_aRU _bNLR _c20100218 _gRCR |
|
| 801 | 1 |
_aRU _bNLR _c20100218 |
|
| 830 | _aавт. по кн. | ||
| 942 | _cBOOK | ||
| 980 | _aNB | ||
| 980 | _aNBR | ||